000 00301nam a22001337a 4500
003 SGT
082 _a340,BHA
100 _aBHATT,SALIGRAM
245 _aWATER RESOURCES MANAGEMENT
260 _aNEW DELHI
_bA.P.H .PUB.
_c2010
300 _a355
650 _aWATER RESOURCES MANAGEMENT
942 _2ddc
_cBK
999 _c11041
_d11041